Handbook Of Operations Research And Management Information Science (Record no. 334183)

MARC details
000 -LEADER
fixed length control field 00518nam a2200157Ia 4500
008 - FIXED-LENGTH DATA ELEMENTS--GENERAL INFORMATION
fixed length control field 230718s9999 xx 000 0 und d
041 ## - LANGUAGE CODE
Language code of text/sound track or separate title eng
082 ## - DEWEY DECIMAL CLASSIFICATION NUMBER
Classification number 658.4'034
Item number HOP
100 ## - MAIN ENTRY--PERSONAL NAME
Personal name Hoppin G. (Editor)
245 ## - TITLE STATEMENT
Title Handbook Of Operations Research And Management Information Science
Remainder of title Simulation And Optimization Vol. 1
260 ## - PUBLICATION, DISTRIBUTION, ETC. (IMPRINT)
Date of publication, distribution, etc. 2013
Name of publisher, distributor, etc. Anmol Publication
300 ## - PHYSICAL DESCRIPTION
Extent 296
Accompanying material [OBSOLETE, CAN/MARC] Ref 1526 C (45390)
365 ## - TRADE PRICE
Currency code Rs.
Price amount 2340.00
700 ## - ADDED ENTRY--PERSONAL NAME
Personal name Hoppin G. (Editor)
906 ## - LOCAL DATA ELEMENT F, LDF (RLIN)
d O:0356607-Dec-2013B:442325-Oct-2013
c COMP
Holdings
Withdrawn status Lost status Source of classification or shelving scheme Reference No Damaged status Not for loan Home library Current library Date acquired Vendor Budget Code Cost, normal purchase price Bill number Full call number Barcode Date last seen Cost, replacement price Bill Date Koha item type Original Barcode
    Dewey Decimal Classification Ref 1526 C (45390)   Reference Cummins College of Engineering for Women Pune Cummins College of Engineering for Women Pune 07/12/2013 Technical Book Services COMP 2340.00 4423 658.4'034 CCEP-BK-45390 18/07/2023 2340.00 25/10/2013 Books 045390